[Event "Bergen Grand Prix 2019"]
[Site "Bergen"]
[Date "2019.11.16"]
[Round "3.9"]
[White "Westvik, Markus"]
[Black "Sorhus, Jostein"]
[Result "0-1"]
[WhiteElo "1220"]
[BlackElo "1630"]
[Annotator "NA"]
[PlyCount "54"]
[EventDate "2019.11.15"]
[EventType "swiss"]
[EventCountry "NOR"]
[SourceTitle "playchess.com"]
[Source "ChessBase"]
[SourceQuality "1"]
[TimeControl "40/5400:1800"]

1. Nf3 {[%emt 0:00:06]} Nf6 {[%emt 0:00:30]} 2. g3 {[%emt 0:00:14]} g6 {[%emt 0:00:07]} 3. Bg2 {[%emt 0:00:08]} c5 {[%emt 0:00:13]} 4. O-O {[%emt 0:00:17]} Nc6 {[%emt 0:01:00]} 5. c4 {[%emt 0:05:59]} Bg7 {[%emt 0:01:09]} 6. Nc3 {[%emt 0:00:40]} O-O {[%emt 0:00:42]} 7. d3 {[%emt 0:03:28]} d6 {[%emt 0:05:15]} 8. Rb1 {[%emt 0:01:08]} a5 {[%emt 0:00:36]} 9. a3 {[%emt 0:00:19]} Rb8 {[%emt 0:07:49]} 10. e4 {[%emt 0:12:44]} Be6 {[%emt 0:04:17]} 11. Be3 {[%emt 0:05:10]} Qc8 {[%emt 0:01:02]} 12. Qc2 {[%emt 0:06:34]} Bh3 {[%emt 0:00:54]} 13. Qc1 {[%emt 0:09:30]} Bxg2 {[%emt 0:00:07]} 14. Kxg2 {[%emt 0:00:13]} Ng4 {[%emt 0:02:36]} 15. Bd2 {[%emt 0:01:16]} Nge5 {[%emt 0:05:51]} 16. Nxe5 {[%emt 0:01:13]} Nxe5 {[%emt 0:00:14]} 17. Qc2 {[%emt 0:00:12]} e6 {[%emt 0:02:29]} 18. f4 {[%emt 0:03:25]} Nc6 {[%emt 0:00:45]} 19. Be3 {[%emt 0:01:39]} b6 {[%emt 0:04:24]} 20. Rbd1 {[%emt 0:01:56]} f5 {[%emt 0:06:06]} 21. exf5 {[%emt 0:04:32]} Rxf5 {[%emt 0:01:23]} 22. Rfe1 {[%emt 0:01:35]} Qb7 {[%emt 0:10:52]} 23. Kg1 {[%emt 0:02:33]} Nd4 {[%emt 0:02:31]} 24. Bxd4 {[%emt 0:01:06]} Bxd4+ {[%emt 0:00:06]} 25. Kf1 {[%emt 0:00:36]} Qh1+ {[%emt 0:00:15]} 26. Ke2 {[%emt 0:00:53]} Qxh2+ {[%emt 0:00:09]} 27. Kf3 {[%emt 0:00:30]} Qxc2 {[%emt 0:00:26]} 0-1

[Event "Bergen Grand Prix 2019"]
[Site "Bergen"]
[Date "2019.11.16"]
[Round "3.10"]
[White "Dale, Svein"]
[Black "Breiland, John"]
[Result "1/2-1/2"]
[WhiteElo "1787"]
[BlackElo "1536"]
[Annotator "NA"]
[PlyCount "60"]
[EventDate "2019.11.15"]
[EventType "swiss"]
[EventCountry "NOR"]
[SourceTitle "playchess.com"]
[Source "ChessBase"]
[SourceQuality "1"]
[TimeControl "40/5400:1800"]

1. e4 {[%emt 0:00:03]} e6 {[%emt 0:02:56]} 2. d4 {[%emt 0:00:14]} d5 {[%emt 0:00:07]} 3. Bd3 {[%emt 0:00:07]} dxe4 {[%emt 0:01:55]} 4. Bxe4 {[%emt 0:00:02]} Nf6 {[%emt 0:00:47]} 5. Bf3 {[%emt 0:00:05]} Bd6 {[%emt 0:02:23]} 6. Ne2 {[%emt 0:00:27]} c6 {[%emt 0:01:19]} 7. O-O {[%emt 0:02:26]} Qc7 {[%emt 0:01:28]} 8. h3 {[%emt 0:01:16]} O-O {[%emt 0:01:03]} 9. Bg5 {[%emt 0:06:03]} Nbd7 {[%emt 0:00:17]} 10. c4 {[%emt 0:00:27]} b6 {[%emt 0:16:25]} 11. Nbc3 {[%emt 0:02:52]} Rb8 {[%emt 0:06:03]} 12. Rc1 {[%emt 0:03:10]} a6 {[%emt 0:07:45]} 13. d5 {[%emt 0:10:59]} Bb7 {[%emt 0:07:21]} 14. Nd4 {[%emt 0:12:50]} exd5 {[%emt 0:15:28]} 15. cxd5 {[%emt 0:01:47]} cxd5 {[%emt 0:08:26]} 16. Ncb5 {[%emt 0:02:44]} Bh2+ {[%emt 0:01:22]} 17. Kh1 {[%emt 0:00:32]} Qe5 {[%emt 0:00:07]} 18. Bxf6 {[%emt 0:01:57]} Nxf6 {[%emt 0:00:13]} 19. Re1 {[%emt 0:04:29]} Ne4 {[%emt 0:00:02]} 20. Bxe4 {[%emt 0:04:00]} dxe4 {[%emt 0:00:28]} 21. Nf3 {[%emt 0:11:48]} Qxb5 {[%emt 0:00:38]} 22. Nxh2 {[%emt 0:00:29]} Qxb2 {[%emt 0:00:16]} 23. Re2 {[%emt 0:00:57]} Qf6 {[%emt 0:00:56]} 24. Ng4 {[%emt 0:01:03]} Qe6 {[%emt 0:00:06]} 25. f3 {[%emt 0:01:29]} f5 {[%emt 0:00:25]} 26. Nf2 {[%emt 0:00:58]} Rbd8 {[%emt 0:02:04]} 27. Qa4 {[%emt 0:02:03]} e3 {[%emt 0:01:30]} 28. Qf4 {[%emt 0:00:27]} Rd2 {[%emt 0:03:20]} 29. Rxd2 {[%emt 0:00:40]} exd2 {[%emt 0:00:01]} 30. Qxd2 {[%emt 0:00:01]} Re8 {[%emt 0:00:26]} 1/2-1/2

[Event "Bergen Grand Prix 2019"]
[Site "Bergen"]
[Date "2019.11.16"]
[Round "3.11"]
[White "Tenfjord Engelsen, Teodor"]
[Black "Fiskaaen, Martin Holten"]
[Result "1/2-1/2"]
[WhiteElo "1349"]
[BlackElo "1190"]
[Annotator "NA"]
[PlyCount "130"]
[EventDate "2019.11.15"]
[EventType "swiss"]
[EventCountry "NOR"]
[SourceTitle "playchess.com"]
[Source "ChessBase"]
[SourceQuality "1"]
[TimeControl "40/5400:1800"]

1. d4 {[%emt 0:00:26]} Nf6 {[%emt 0:00:13]} 2. Nc3 {[%emt 0:00:07]} d5 {[%emt 0:00:23]} 3. Bf4 {[%emt 0:00:10]} c5 {[%emt 0:04:40]} 4. e3 {[%emt 0:00:12]} cxd4 {[%emt 0:14:36]} 5. exd4 {[%emt 0:00:23]} a6 {[%emt 0:00:30]} 6. Be2 {[%emt 0:00:56]} Bf5 {[%emt 0:02:02]} 7. g4 {[%emt 0:00:07]} Bg6 {[%emt 0:11:16]} 8. h4 {[%emt 0:00:15]} h6 {[%emt 0:02:59]} 9. f3 {[%emt 0:01:41]} e6 {[%emt 0:03:04]} 10. Bd3 {[%emt 0:00:54]} Bxd3 {[%emt 0:01:09]} 11. Qxd3 {[%emt 0:00:11]} Bd6 {[%emt 0:01:21]} 12. Nge2 {[%emt 0:00:13]} Nc6 {[%emt 0:01:29]} 13. O-O-O {[%emt 0:06:02]} Bxf4+ {[%emt 0:01:15]} 14. Nxf4 {[%emt 0:00:23]} Qc7 {[%emt 0:00:23]} 15. Qe3 {[%emt 0:00:16]} O-O-O {[%emt 0:01:48]} 16. Rhe1 {[%emt 0:05:32]} Kb8 {[%emt 0:04:00]} 17. Kb1 {[%emt 0:03:52]} Na5 {[%emt 0:02:31]} 18. Qe5 {[%emt 0:02:27]} Nc4 {[%emt 0:02:08]} 19. Qxc7+ {[%emt 0:00:17]} Kxc7 {[%emt 0:00:11]} 20. b3 {[%emt 0:00:13]} Na5 {[%emt 0:00:47]} 21. Nd3 {[%emt 0:00:23]} Nd7 {[%emt 0:01:31]} 22. f4 {[%emt 0:00:33]} Kd6 {[%emt 0:02:07]} 23. Ne5 {[%emt 0:00:44]} Nxe5 {[%emt 0:00:45]} 24. fxe5+ {[%emt 0:04:25]} Ke7 {[%emt 0:00:42]} 25. Rf1 {[%emt 0:03:24]} Nc6 {[%emt 0:02:28]} 26. Ne2 {[%emt 0:00:41]} b5 {[%emt 0:02:18]} 27. c3 {[%emt 0:01:46]} a5 {[%emt 0:01:17]} 28. Rd3 {[%emt 0:01:02]} a4 {[%emt 0:00:48]} 29. b4 {[%emt 0:00:13]} Na7 {[%emt 0:01:12]} 30. Rdf3 {[%emt 0:01:44]} Rhf8 {[%emt 0:00:29]} 31. Ng3 {[%emt 0:01:34]} Nc8 {[%emt 0:01:25]} 32. Nh5 {[%emt 0:00:10]} g6 {[%emt 0:00:51]} 33. Nf6 {[%emt 0:02:23]} Rh8 {[%emt 0:00:56]} 34. g5 {[%emt 0:05:36]} h5 {[%emt 0:01:34]} 35. Nxh5 {[%emt 0:01:02]} Rxh5 {[%emt 0:01:02]} 36. Rxf7+ {[%emt 0:00:26]} Ke8 {[%emt 0:00:19]} 37. R7f6 {[%emt 0:06:09]} Ne7 {[%emt 0:02:00]} 38. Rxe6 {[%emt 0:00:19]} Rxh4 {[%emt 0:00:17]} 39. Rff6 {[%emt 0:00:50]} Kd7 {[%emt 0:02:05]} 40. Rd6+ {[%emt 0:01:57]} Kc7 {[%emt 0:00:19]} 41. Rf7 {[%emt 0:30:36]} Rxd6 {[%emt 0:30:55]} 42. exd6+ {[%emt 0:01:32]} Kxd6 {[%emt 0:00:22]} 43. Rf6+ {[%emt 0:00:28]} Kd7 {[%emt 0:01:23]} 44. Rb6 {[%emt 0:01:18]} Rh3 {[%emt 0:01:47]} 45. Kb2 {[%emt 0:04:16]} Rg3 {[%emt 0:01:47]} 46. Rxb5 {[%emt 0:00:10]} Rxg5 {[%emt 0:00:29]} 47. c4 {[%emt 0:00:55]} Rh5 {[%emt 0:00:43]} 48. c5 {[%emt 0:00:24]} g5 {[%emt 0:01:02]} 49. Rb7+ {[%emt 0:00:53]} Kd8 {[%emt 0:00:00]} 50. b5 {[%emt 0:00:00]} g4 {[%emt 0:00:00]} 51. b6 {[%emt 0:00:00]} g3 {[%emt 0:00:00]} 52. c6 {[%emt 0:00:00]} Nxc6 {[%emt 0:00:00]} 53. Rg7 {[%emt 0:00:00]} Rh2+ 54. Ka3 {[%emt 0:00:00]} g2 55. b7 {[%emt 0:00:00]} g1=Q 56. Rxg1 {[%emt 0:00:00]} Kc7 57. Rg7+ {[%emt 0:00:00]} Kb8 58. Rd7 {[%emt 0:00:00]} Rh5 59. Kxa4 {[%emt 0:00:00]} Rh4 60. Rxd5 {[%emt 0:00:00]} Rxd4+ 61. Rxd4 {[%emt 0:00:00]} Nxd4 62. Kb4 {[%emt 0:00:00]} Kxb7 63. a4 {[%emt 0:00:00]} Nc6+ 64. Kb5 {[%emt 0:00:00]} Na7+ 65. Kb4 {[%emt 0:00:00]} Ka6 1/2-1/2

[Event "Bergen Grand Prix 2019"]
[Site "Bergen"]
[Date "2019.11.16"]
[Round "3.12"]
[White "Hansen, Arve Nils"]
[Black "Wallevik, Karl"]
[Result "0-1"]
[WhiteElo "1297"]
[BlackElo "1186"]
[Annotator "NA"]
[PlyCount "80"]
[EventDate "2019.11.15"]
[EventType "swiss"]
[EventCountry "NOR"]
[SourceTitle "playchess.com"]
[Source "ChessBase"]
[SourceQuality "1"]
[TimeControl "40/5400:1800"]

1. e4 {[%emt 0:03:19]} e5 {[%emt 0:00:06]} 2. Nf3 {[%emt 0:00:14]} Nc6 {[%emt 0:00:05]} 3. Bb5 {[%emt 0:00:05]} a6 {[%emt 0:00:08]} 4. Ba4 {[%emt 0:00:06]} Nf6 {[%emt 0:00:10]} 5. d3 {[%emt 0:01:15]} b5 {[%emt 0:00:12]} 6. Bb3 {[%emt 0:00:10]} Be7 {[%emt 0:00:17]} 7. Be3 {[%emt 0:01:21]} d5 {[%emt 0:00:44]} 8. Nbd2 {[%emt 0:02:42]} h6 {[%emt 0:01:20]} 9. exd5 {[%emt 0:01:32]} Nxd5 {[%emt 0:00:13]} 10. Ne4 {[%emt 0:00:17]} Nxe3 {[%emt 0:00:29]} 11. fxe3 {[%emt 0:00:07]} Bg4 {[%emt 0:00:41]} 12. Nc3 {[%emt 0:02:47]} Bb4 {[%emt 0:06:03]} 13. Qd2 {[%emt 0:02:18]} Bxf3 {[%emt 0:01:02]} 14. gxf3 {[%emt 0:01:04]} Qf6 {[%emt 0:04:47]} 15. Qg2 {[%emt 0:02:18]} O-O-O {[%emt 0:01:23]} 16. a4 {[%emt 0:04:24]} e4 {[%emt 0:00:52]} 17. fxe4 {[%emt 0:08:22]} Bxc3+ {[%emt 0:00:30]} 18. bxc3 {[%emt 0:00:07]} Qxc3+ {[%emt 0:00:20]} 19. Ke2 {[%emt 0:00:06]} b4 {[%emt 0:03:18]} 20. a5 {[%emt 0:01:05]} Rd6 {[%emt 0:06:40]} 21. Rhd1 {[%emt 0:06:52]} Rhd8 {[%emt 0:02:15]} 22. Ba4 {[%emt 0:13:02]} Qe5 {[%emt 0:02:50]} 23. Qh3+ {[%emt 0:01:36]} Kb7 {[%emt 0:01:42]} 24. Qf5 {[%emt 0:00:13]} Qxh2+ {[%emt 0:00:53]} 25. Ke1 {[%emt 0:00:19]} Rf6 {[%emt 0:03:42]} 26. Qxf6 {[%emt 0:10:45]} gxf6 {[%emt 0:00:29]} 27. Rdb1 {[%emt 0:00:09]} Qe5 {[%emt 0:01:42]} 28. Bxc6+ {[%emt 0:00:31]} Kxc6 {[%emt 0:00:12]} 29. Ra4 {[%emt 0:00:15]} Qc3+ {[%emt 0:00:15]} 30. Kd1 {[%emt 0:00:23]} Kb5 {[%emt 0:01:13]} 31. Rb3 {[%emt 0:00:28]} Rxd3+ {[%emt 0:02:29]} 32. Kc1 {[%emt 0:00:17]} Qe1+ {[%emt 0:01:07]} 33. Kb2 {[%emt 0:00:10]} Rxb3+ {[%emt 0:00:27]} 34. cxb3 {[%emt 0:02:08]} Qc3+ {[%emt 0:00:12]} 35. Ka2 {[%emt 0:00:26]} h5 {[%emt 0:00:20]} 36. e5 {[%emt 0:00:04]} fxe5 {[%emt 0:00:10]} 37. e4 {[%emt 0:00:07]} h4 {[%emt 0:00:20]} 38. Kb1 {[%emt 0:01:43]} Qxb3+ {[%emt 0:00:16]} 39. Ka1 {[%emt 0:02:00]} Qxa4+ {[%emt 0:00:10]} 40. Kb2 {[%emt 0:00:05]} h3 {[%emt 0:00:09]} 0-1

[Event "Bergen Grand Prix 2019"]
[Site "Bergen"]
[Date "2019.11.17"]
[Round "4.1"]
[White "Fossan, Petter"]
[Black "Haldorsen, Benjamin"]
[Result "0-1"]
[WhiteElo "2315"]
[BlackElo "2443"]
[Annotator "TA"]
[PlyCount "52"]
[EventDate "2019.11.15"]
[EventType "swiss"]
[EventCountry "NOR"]
[SourceTitle "playchess.com"]
[Source "ChessBase"]
[SourceQuality "1"]

{[%evp 10,112,40,21,28,31,34,30,38,15,56,8,12,-25,-18,-16,0,0,-7,-21,-29,-91,-66,-73,-31,-45,-48,-60,-58,-74,-34,-35,-31,-57,-56,-68,-64,-92,-72,-88,-70,-63,-75,-92,-87,-94,-88,-84,-97,-137,-125,-131,-125,-131,-127,-197,-145,-140,-60,-56,-50,-50,-50,-139,-147,-132,-125,-390,-390,-390,-397,-393,-393,-399,-399,-473,-145,-1525,-231,-228,-212,-372,-357,-361,-356,-415,-381,-434,-391,-454,-431,-522,-511,-461,-447,-432,-436,-818,-387,-588,-581,-582,-574,-818,-792]} 1. e4 e5 2. Nf3 Nc6 3. Bc4 Nf6 4. d3 h6 5. a4 {[%cal Ba2a4,Ba4a5][%mdl 32]} d6 6. O-O g5 {C55: Two Knights: 4 d3, 4 d4 exd4 5 e5 and Max Lange Attack} 7. c3 (7. Nc3 Bg7 8. a5 a6 9. Nd5 O-O 10. Ne3 Ne7 11. h4 g4 12. Nh2 h5 13. g3 c6 14. f3 {1-0 (33) Svidler,P (2737)-Matlakov,M (2700) St Petersburg 2018}) 7... Bg7 8. a5 a6 {White has an edge.} 9. Nbd2 O-O 10. Qb3 $146 ({Predecessor:} 10. h3 d5 11. Bb3 Be6 12. Re1 Re8 13. Qc2 Nh5 14. Nf1 {0-1 (45) Abrahamyan,T (2373)-Wang,J (2434) Saint Louis 2019}) 10... Nh5 11. Kh1 Nf4 12. Ng1 Qe7 13. Ndf3 Kh8 14. Be3 f5 15. g3 (15. Ne1 $11) 15... Ng6 16. exf5 Rxf5 17. Bd5 Qe8 18. Qc2 Rf8 19. Ne1 Nce7 20. Bg2 Nf5 21. Bd2 c6 22. Ne2 Be6 23. Ra4 Qf7 {...Bb3 is the strong threat.} 24. c4 Rae8 25. Rb4 Bf6 26. b3 Qd7 {Played: Nf5-d4} 0-1

[Event "Bergen Grand Prix 2019"]
[Site "Bergen"]
[Date "2019.11.17"]
[Round "4.2"]
[White "Fossan, Aleksander"]
[Black "Gronnestad, Anita"]
[Result "1-0"]
[WhiteElo "2179"]
[BlackElo "1952"]
[Annotator "RC"]
[PlyCount "121"]
[EventDate "2019.11.15"]
[EventType "swiss"]
[EventCountry "NOR"]
[SourceTitle "playchess.com"]
[Source "ChessBase"]
[SourceQuality "1"]
[TimeControl "40/5400:1800"]

1. e4 {[%emt 0:00:30]} Nf6 {[%emt 0:08:12]} 2. e5 {[%emt 0:00:13]} Nd5 {[%emt 0:00:21]} 3. d4 {[%emt 0:00:09]} d6 {[%emt 0:00:06]} 4. c4 {[%emt 0:00:06]} Nb6 {[%emt 0:00:04]} 5. exd6 {[%emt 0:00:07]} exd6 {[%emt 0:00:04]} 6. Nc3 {[%emt 0:08:40]} Be7 {[%emt 0:00:16]} 7. Bd3 {[%emt 0:00:30]} O-O {[%emt 0:00:36]} 8. Nge2 {[%emt 0:00:21]} Nc6 {[%emt 0:01:20]} 9. b3 {[%emt 0:00:24]} Bg4 {[%emt 0:01:19]} 10. Be3 {[%emt 0:01:19]} Bf6 {[%emt 0:00:49]} 11. Qd2 {[%emt 0:01:29]} Re8 {[%emt 0:01:54]} 12. O-O {[%emt 0:00:13]} Bxe2 {[%emt 0:03:08]} 13. Bxe2 {[%emt 0:02:31]} d5 {[%emt 0:01:35]} 14. c5 {[%emt 0:00:15]} Nc8 {[%emt 0:00:17]} 15. Bf3 {[%emt 0:03:30]} N8e7 {[%emt 0:01:28]} 16. a3 {[%emt 0:10:54]} Na5 {[%emt 0:06:33]} 17. Qc2 {[%emt 0:04:42]} Qd7 {[%emt 0:03:22]} 18. Rfe1 {[%emt 0:10:26]} Nac6 {[%emt 0:05:45]} 19. Rad1 {[%emt 0:01:03]} a6 {[%emt 0:04:28]} 20. h3 {[%emt 0:01:56]} g6 {[%emt 0:03:21]} 21. Bg4 {[%emt 0:01:27]} Qd8 {[%emt 0:02:57]} 22. b4 {[%emt 0:01:01]} Bg7 {[%emt 0:01:04]} 23. Qb3 {[%emt 0:02:08]} Na7 {[%emt 0:11:34]} 24. Bf3 {[%emt 0:07:38]} c6 {[%emt 0:00:46]} 25. g4 {[%emt 0:04:18]} Nb5 {[%emt 0:00:59]} 26. Ne2 {[%emt 0:01:44]} Nc7 {[%emt 0:04:26]} 27. Qd3 {[%emt 0:00:53]} Qd7 {[%emt 0:03:16]} 28. Bg2 {[%emt 0:01:48]} f5 {[%emt 0:02:11]} 29. g5 {[%emt 0:02:42]} Ne6 {[%emt 0:01:07]} 30. h4 {[%emt 0:01:00]} f4 {[%emt 0:00:35]} 31. Nxf4 {[%emt 0:00:58]} Nf5 {[%emt 0:01:27]} 32. Bh3 {[%emt 0:02:38]} Rf8 {[%emt 0:05:38]} 33. Nxe6 {[%emt 0:01:49]} Qxe6 {[%emt 0:00:03]} 34. Bf4 {[%emt 0:00:43]} Qf7 {[%emt 0:01:22]} 35. Bxf5 {[%emt 0:00:19]} Qxf5 {[%emt 0:00:06]} 36. Qxf5 {[%emt 0:00:37]} Rxf5 {[%emt 0:00:03]} 37. Bd6 {[%emt 0:01:32]} Rf3 {[%emt 0:02:53]} 38. Re3 {[%emt 0:01:51]} Rxe3 {[%emt 0:00:22]} 39. fxe3 {[%emt 0:00:01]} Re8 {[%emt 0:00:10]} 40. Kf2 {[%emt 0:00:39]} Re4 {[%emt 0:00:08]} 41. Bf4 {[%emt 0:30:29]} Kf7 {[%emt 0:30:46]} 42. Kf3 {[%emt 0:03:01]} Ke6 {[%emt 0:01:33]} 43. Rh1 {[%emt 0:00:26]} Kf5 {[%emt 0:00:48]} 44. h5 {[%emt 0:00:00]} Bxd4 {[%emt 0:00:00]} 45. hxg6 {[%emt 0:00:00]} hxg6 {[%emt 0:00:00]} 46. Rh7 {[%emt 0:01:36]} Bb2 {[%emt 0:00:00]} 47. Rxb7 {[%emt 0:00:00]} Bxa3 {[%emt 0:00:00]} 48. Rf7+ {[%emt 0:00:00]} Ke6 {[%emt 0:00:00]} 49. Rf6+ {[%emt 0:00:00]} Kd7 {[%emt 0:00:00]} 50. Rd6+ {[%emt 0:00:00]} Ke7 {[%emt 0:00:00]} 51. Rxg6 {[%emt 0:00:00]} Bxb4 {[%emt 0:00:00]} 52. Rxc6 {[%emt 0:00:00]} Re6 {[%emt 0:00:00]} 53. Rc7+ {[%emt 0:00:00]} Kd8 {[%emt 0:00:00]} 54. c6 {[%emt 0:00:00]} a5 {[%emt 0:00:00]} 55. Kg4 {[%emt 0:00:00]} a4 {[%emt 0:00:00]} 56. Kf5 {[%emt 0:00:00]} Re8 {[%emt 0:00:00]} 57. Ra7 {[%emt 0:00:00]} a3 {[%emt 0:00:00]} 58. g6 {[%emt 0:00:00]} Bc3 {[%emt 0:00:00]} 59. Rxa3 {[%emt 0:00:00]} d4 {[%emt 0:00:00]} 60. Ra8+ {[%emt 0:00:00]} Ke7 {[%emt 0:00:00]} 61. Bg5+ {[%emt 0:00:00]} 1-0

[Event "Bergen Grand Prix 2019"]
[Site "Bergen"]
[Date "2019.11.17"]
[Round "4.3"]
[White "Mansoor, Afras"]
[Black "Kizatbay, Abyl"]
[Result "1/2-1/2"]
[WhiteElo "2115"]
[BlackElo "2113"]
[Annotator "TA"]
[PlyCount "44"]
[EventDate "2019.11.15"]
[EventType "swiss"]
[EventCountry "NOR"]
[SourceTitle "playchess.com"]
[Source "ChessBase"]
[SourceQuality "1"]

{[%evp 31,44,10,7,7,8,8,16,0,0,0,0,0,0,0,0]} 1. c4 Nf6 2. g3 c5 3. Bg2 g6 4. Nc3 Nc6 5. a3 Bg7 6. Rb1 a5 7. Nf3 d6 8. d3 O-O 9. O-O Bd7 10. Bd2 Ne8 11. Ne1 Nc7 12. Nc2 Rb8 13. b4 axb4 14. axb4 cxb4 15. Nxb4 Nxb4 16. Rxb4 b5 {The position is equal.} 17. cxb5 {A38: Symmetrical English vs ...g6: 4 Bg2 Bg7 5 Nf3 Nf6} Nxb5 18. Nxb5 Rxb5 19. Qb3 (19. Rxb5 Bxb5 20. Qb3 Bd7 21. Qb7 Qc8 22. Qa7 Rd8 23. Bg5 Bf6 24. Bxf6 exf6 {1-0 (89) Kovalenko,I (2684)-Borisek,J (2565) chess.com INT 2017}) 19... Be6 $146 ({Predecessor:} 19... Qb6 20. Rb1 Rb8 {½-½ (20) Haakert,J (2305)-Staller,P (2370) Frankfurt 1988}) 20. Qb1 Rxb4 21. Qxb4 Qb8 22. Rb1 Qxb4 1/2-1/2

[Event "Bergen Grand Prix 2019"]
[Site "Bergen"]
[Date "2019.11.17"]
[Round "4.4"]
[White "Holleland, Sigve"]
[Black "Sorensen, Simen"]
[Result "1-0"]
[WhiteElo "2098"]
[BlackElo "2004"]
[Annotator "NA RC"]
[PlyCount "109"]
[EventDate "2019.11.15"]
[EventType "swiss"]
[EventCountry "NOR"]
[SourceTitle "playchess.com"]
[Source "ChessBase"]
[SourceQuality "1"]
[TimeControl "40/5400:1800"]

1. d4 {[%emt 0:07:44]} Nf6 {[%emt 0:00:24]} 2. c4 {[%emt 0:00:19]} e6 {[%emt 0:00:11]} 3. Nf3 {[%emt 0:00:12]} b6 {[%emt 0:00:54]} 4. g3 {[%emt 0:00:14]} Bb7 {[%emt 0:00:06]} 5. Bg2 {[%emt 0:00:08]} Be7 {[%emt 0:00:05]} 6. O-O {[%emt 0:00:08]} O-O {[%emt 0:00:07]} 7. d5 {[%emt 0:00:04]} exd5 {[%emt 0:00:08]} 8. Nh4 {[%emt 0:00:07]} c6 {[%emt 0:00:07]} 9. cxd5 {[%emt 0:01:27]} Nxd5 {[%emt 0:00:19]} 10. Nf5 $1 {[%emt 0:03:44]} Nc7 {[%emt 0:01:11]} 11. e4 {[%emt 0:02:04]} d5 {[%emt 0:14:42] E17: Queen's Indian: 4 g3 Bb7 5 Bg2 Be7} 12. Qg4 {[%emt 0:03:22]} (12. Nc3 Bf6 13. exd5 Nxd5 14. Nxd5 cxd5 15. Bf4 Nd7 16. Nd6 Bc6 17. Rc1 Ne5 18. Bxe5 Bxe5 19. Nxf7 Rxf7 20. Rxc6 Rd7 {½-½ (57) Moiseenko,A (2649)-Inarkiev,E (2730) Izmir 2016}) 12... Ne6 {[%emt 0:05:58]} (12... Bf6 $11) 13. Rd1 $146 {[%emt 0:01:28]} ({Predecessor:} 13. exd5 cxd5 14. Nh6+ Kh8 15. Nxf7+ Rxf7 16. Qxe6 Rf6 17. Qg4 Qd7 18. Qxd7 Nxd7 19. Nc3 {½-½ (37) Chiku Ratte,O (2336)-Marin,S (1930) Montreal 2017}) 13... Bf6 $2 {[%emt 0:08:52] [#]} (13... Nd7 $1 $11) 14. exd5 $1 {[%emt 0:01:28]} cxd5 {[%emt 0:00:21]} 15. Nc3 {[%emt 0:00:15]} Bxc3 {[%emt 0:05:45]} 16. bxc3 {[%emt 0:00:55]} Qf6 {[%emt 0:00:49]} 17. Ba3 {[%emt 0:03:16]} ({Weaker is} 17. Bxd5 Bxd5 18. Rxd5 Nc6 $11) 17... Nc5 {[%emt 0:01:06]} 18. Bxd5 {[%emt 0:07:06]} Bxd5 {[%emt 0:05:24]} 19. Rxd5 {[%emt 0:00:28]} g6 {[%emt 0:08:59]} 20. Qd4 {[%emt 0:07:45]} Qxd4 {[%emt 0:10:33]} 21. cxd4 {[%emt 0:00:52]} gxf5 {[%emt 0:03:44]} 22. dxc5 {[%emt 0:00:47]} Rc8 {[%emt 0:02:12]} 23. Rxf5 {[%emt 0:00:53]} h6 {[%emt 0:01:36]} 24. Rd1 {[%emt 0:03:09]} bxc5 {[%emt 0:02:31]} 25. Rxc5 {[%emt 0:00:43]} Na6 {[%emt 0:00:55]} 26. Ra5 {[%emt 0:04:28]} Nc7 {[%emt 0:04:52]} 27. Rc1 {[%emt 0:00:17]} Ne6 {[%emt 0:00:20]} 28. Rxc8+ {[%emt 0:00:14]} Rxc8 {[%emt 0:00:00]} 29. Rxa7 {[%emt 0:00:39]} Rc2 {[%emt 0:00:04]} 30. Bb4 {[%emt 0:04:01]} Kg7 {[%emt 0:03:18]} 31. a3 {[%emt 0:01:37]} Ng5 {[%emt 0:00:40]} 32. Kg2 {[%emt 0:02:51]} Ne4 {[%emt 0:00:26]} 33. Be1 {[%emt 0:00:35]} Nc5 {[%emt 0:01:19]} 34. Rc7 {[%emt 0:00:59]} Nd3 {[%emt 0:00:26]} 35. Re7 {[%emt 0:04:10]} Ra2 {[%emt 0:00:38]} 36. Bc3+ {[%emt 0:02:23]} Kg6 {[%emt 0:00:15]} 37. Bd4 {[%emt 0:05:01]} Rxa3 {[%emt 0:00:01]} 38. Re3 {[%emt 0:00:27]} Rb3 {[%emt 0:00:08]} 39. h3 {[%emt 0:05:12]} Nc1 {[%emt 0:00:15]} 40. Rxb3 {[%emt 0:00:58]} Nxb3 {[%emt 0:00:01]} 41. Be3 {[%emt 0:30:18]} h5 {[%emt 0:05:55]} 42. Kf3 {[%emt 0:00:00]} f5 {[%emt 0:03:28]} 43. Kf4 {[%emt 0:00:00]} Na5 {[%emt 0:00:15]} 44. Ke5 {[%emt 0:00:00]} Nc6+ {[%emt 0:00:28]} 45. Kd5 {[%emt 0:00:00]} Nd8 $18 {[%emt 0:02:19]} 46. Bf4 {[%emt 0:00:00]} Nf7 {[%emt 0:01:52]} 47. Ke6 {[%emt 0:00:00]} Nd8+ {[%emt 0:00:46]} 48. Kd7 {[%emt 0:00:00]} Nb7 {[%emt 0:02:17]} 49. Be3 {[%emt 0:00:00]} Na5 {[%emt 0:00:12]} 50. Ke6 {[%emt 0:00:00]} Nc4 {[%emt 0:04:37]} 51. Kd5 {[%emt 0:00:00]} Nb2 {[%emt 0:02:51]} 52. f4 {[%emt 0:00:00]} Nd3 {[%emt 0:00:22]} 53. Kc4 {[%emt 0:00:00]} Ne1 {[%emt 0:01:32]} 54. Bf2 {[%emt 0:00:00]} Nc2 {[%emt 0:01:21]} 55. Kb3 {[%emt 0:00:00]} 1-0